|
|
|
|
| LEADER |
01009nam a2200253 a 4500 |
| 001 |
3887934 |
| 008 |
090817s1991 enka b 001 0 eng d |
| 010 |
|
|
|a 90020850
|
| 020 |
|
|
|a 0521365414 (hard covers)
|
| 020 |
|
|
|a 0521367468 (paperback)
|
| 040 |
|
|
|a DLC
|c DLC
|d DLC
|
| 082 |
0 |
0 |
|a 401/.41
|2 20
|
| 100 |
1 |
|
|a McCarthy, Michael,
|d 1947-
|
| 245 |
1 |
0 |
|a Discourse analysis for language teachers /
|c Michael McCarthy.
|
| 260 |
|
|
|a Cambridge ;
|a New York :
|b Cambridge University Press,
|c 1991.
|
| 300 |
|
|
|a x, 213 p. :
|b ill. ;
|c 24 cm.
|
| 490 |
|
0 |
|a Cambridge language teaching library
|
| 504 |
|
|
|a Includes bibliographical references (p. 193-205) and index.
|
| 541 |
1 |
|
|e 00015684
|
| 650 |
|
0 |
|a Discourse analysis.
|
| 650 |
|
0 |
|a Language and languages
|x Study and teaching.
|
| 852 |
4 |
|
|a Ayesha Abed Library
|j General Shelf.
|
| 999 |
|
|
|c 3337
|d 3337
|
| 952 |
|
|
|0 0
|1 0
|2 ddc
|4 0
|6 401_410000000000000_MCC_2002
|7 0
|9 3028
|a BRACUL
|b BRACUL
|c GEN
|d 2009-08-31
|l 8
|m 29
|o 401.41 MCC
|p 3010015684
|r 2025-05-21
|s 2025-02-13
|t 1
|w 2009-08-31
|y BK
|